[Event "40th World Junior Girls"]
[Site "Gandhinagar IND"]
[Date "2024.06.04"]
[Round "3.43"]
[White "Prasiddhi Bhat"]
[Black "Kirtadze, Anastasia"]
[Result "1-0"]
[BlackTitle "WFM"]
[WhiteElo "1715"]
[BlackElo "2142"]
[WhiteFideId "25602217"]
[BlackFideId "13622714"]
[EventDate "2024.06.02"]

1. d4 Nf6 2. e3 b6 3. Nf3 Bb7 4. Bd3 c5 5. b3 g6 6. Bb2 Bg7 7. Nbd2 d6 8. a3 O-O
9. O-O Nc6 10. c4 e6 11. Rc1 Qe7 12. Qc2 Rac8 13. e4 cxd4 14. Nxd4 Nxd4 15. Bxd4
e5 16. Bc3 Nh5 17. g3 Rce8 18. Be2 f5 19. Bf3 Bh6 20. Rfd1 f4 21. Bxh5 gxh5 22.
Nf3 Bc8 23. Nh4 Bg4 24. Rd5 Rf6 25. Qd3 Kh8 26. f3 Be6 27. Rd1 Bxd5 28. Qxd5
fxg3 29. hxg3 Rg8 30. Kh2 Qg7 31. Rg1 Bf4 32. Be1 Qg5 33. Kh3 Qg7 34. Rg2 1-0

[Event "40th World Junior Girls"]
[Site "Gandhinagar IND"]
[Date "2024.06.04"]
[Round "3.44"]
[White "Falak Joni Naik"]
[Black "Brito Carrascal, Isabela"]
[Result "0-1"]
[WhiteElo "1653"]
[BlackElo "1810"]
[WhiteFideId "45069310"]
[BlackFideId "4456122"]
[EventDate "2024.06.02"]

1. d4 Nf6 2. Nf3 d5 3. e3 e6 4. Bd3 c5 5. b3 Bd6 6. Bb2 O-O 7. O-O Nbd7 8. Nbd2
Qc7 9. c4 b6 10. Rc1 Bb7 11. Qe2 Ne4 12. cxd5 exd5 13. dxc5 bxc5 14. Bxe4 dxe4
15. Ng5 Bxh2+ 16. Kh1 Be5 17. Ba3 Qd8 18. Nh3 Rc8 19. Nc4 Bb8 20. Rfd1 Qe7 21.
Na5 Ba8 22. Qb5 Rfd8 23. b4 Qe5 24. g3 Qh5 25. Kh2 Ne5 26. Qxc5 Nf3+ 27. Kg2
Nh4+ 28. Kh2 Qf3 29. Rxd8+ Rxd8 30. Rg1 Qg4 31. Qe7 Rc8 32. b5 Nf3+ 33. Kg2 Nxg1
34. Nxg1 h5 35. Nc6 Bxc6 36. bxc6 Qe6 37. Qxe6 fxe6 0-1

[Event "40th World Junior Girls"]
[Site "Gandhinagar IND"]
[Date "2024.06.04"]
[Round "3.45"]
[White "Fang, Kun"]
[Black "Disha U A"]
[Result "0-1"]
[WhiteTitle "WCM"]
[WhiteElo "1803"]
[BlackElo "1660"]
[WhiteFideId "5819660"]
[BlackFideId "25915622"]
[EventDate "2024.06.02"]

1. e4 d6 2. d4 Nf6 3. Nc3 g6 4. f4 Bg7 5. Nf3 O-O 6. Be2 a6 7. a4 Nc6 8. O-O e6
9. e5 Nd5 10. Ne4 f5 11. Nf2 dxe5 12. dxe5 Ndb4 13. Nd3 Nxd3 14. Bxd3 Nb4 15.
Be2 Qxd1 16. Bxd1 b6 17. c3 Nd5 18. h4 Bh6 19. g3 c5 20. Ne1 Bb7 21. Bf3 Rab8
22. Nc2 Rfd8 23. Na3 Bf8 24. Kf2 h5 25. Rd1 Be7 26. Nc4 Kf7 27. Bd2 a5 28. Be1
Ba6 29. Be2 Bxc4 30. Bxc4 Nc7 31. Ke2 Nd5 32. Rd2 Nc7 33. Bd3 Rd7 34. Kd1 Rbd8
35. Kc2 Nd5 36. Bf2 c4 37. Rad1 cxd3+ 38. Rxd3 Rc7 0-1

[Event "40th World Junior Girls"]
[Site "Gandhinagar IND"]
[Date "2024.06.04"]
[Round "3.46"]
[White "Anushka Gupta"]
[Black "Aashi Upadhyay"]
[Result "1-0"]
[WhiteElo "1766"]
[BlackElo "1653"]
[WhiteFideId "25660802"]
[BlackFideId "25620789"]
[EventDate "2024.06.02"]

1. e4 e5 2. Bc4 Nf6 3. d3 Bc5 4. Nc3 c6 5. Nf3 d6 6. h3 a5 7. a4 O-O 8. O-O Be6
9. Bg5 Bxc4 10. dxc4 h6 11. Bh4 Na6 12. Qe2 Nc7 13. Rad1 Qe7 14. Nd2 Ne6 15. Nb3
Nd4 16. Nxd4 exd4 17. Bxf6 Qxf6 18. Nb1 Rfe8 19. Qd3 Qe5 20. Nd2 Bb4 21. f4 Qe7
22. c3 dxc3 23. bxc3 Bc5+ 24. Kh1 Rad8 25. g4 d5 26. cxd5 cxd5 27. e5 b6 28. Nf3
Qd7 29. Qc2 1-0

[Event "40th World Junior Girls"]
[Site "Gandhinagar IND"]
[Date "2024.06.04"]
[Round "3.47"]
[White "Sagar, Siya"]
[Black "Radhika Sharma"]
[Result "1/2-1/2"]
[WhiteElo "1732"]
[BlackElo "1651"]
[WhiteFideId "25098160"]
[BlackFideId "33398666"]
[EventDate "2024.06.02"]

1. e4 e5 2. Nf3 Nf6 3. Nxe5 d6 4. Nf3 Nxe4 5. c4 Be7 6. d4 Nc6 7. Nc3 Ng5 8. Be3
O-O 9. Be2 Re8 10. O-O Nxf3+ 11. Bxf3 Bf5 12. Nd5 Bf6 13. Qd2 Be4 14. Bxe4 Rxe4
15. Qd3 Re8 16. Rad1 a5 17. Qf5 Nb4 18. Nxf6+ Qxf6 19. Qxf6 gxf6 20. a3 Nc6 21.
Rfe1 Re7 22. Kf1 Rae8 23. Rd2 a4 24. Rd3 Na5 25. Rc3 Nb3 26. Rd1 Re4 27. Bh6 f5
28. h3 R8e6 29. Rg3+ Rg6 30. Rxg6+ fxg6 31. f3 Rxd4 32. Rxd4 Nxd4 33. Be3 Ne6
34. Ke2 f4 35. Bd2 g5 36. Kd3 Nc5+ 37. Kc3 Kf7 38. Kb4 Nd3+ 39. Kc3 Nc5 40. Kb4
Ke6 41. Bc3 h5 42. Kb5 Kf5 43. Ba5 c6+ 44. Kb6 Nb3 45. Bb4 d5 46. cxd5 cxd5 47.
Kb5 Nd4+ 48. Kc5 Nc2 49. Kxd5 Ne3+ 50. Kd4 Nxg2 51. Kd3 Ne3 52. Bc5 Nd5 53. Kc4
Ke5 54. Bd4+ Ke6 55. Kb5 Ne3 56. Kxa4 Kd5 57. Bb6 g4 58. fxg4 hxg4 59. hxg4 Nxg4
60. Kb5 Ne3 61. Bd8 Nf5 62. Ba5 Nd6+ 63. Ka4 Nc4 64. Be1 Nxb2+ 65. Kb5 Nd3 66.
Bh4 Ne5 67. a4 Nd7 68. a5 Kd6 69. Be1 Ke5 70. Bf2 Ke4 71. Bh4 Kf5 72. Bf2 Kg4
73. Bd4 Kf3 74. Bg1 Ke4 75. Bf2 Kf5 76. Bh4 f3 77. Bf2 Kf4 78. Bh4 Kg4 79. Bf2
Kh3 80. Bd4 Kg2 81. Be3 Ne5 82. Bd4 Nd7 83. Be3 Kf1 84. Bd4 Ke2 85. Bg1 Kd3 86.
Bf2 Ke4 87. Bg3 Kd5 88. Bf2 Kd6 89. Bg3+ Ne5 90. Kb6 f2 91. Bxf2 Nc4+ 92. Kb5
Nxa5 1/2-1/2

[Event "40th World Junior Girls"]
[Site "Gandhinagar IND"]
[Date "2024.06.04"]
[Round "3.48"]
[White "Deepak, Laksshana"]
[Black "Durga Karthika Lellapalli"]
[Result "1-0"]
[WhiteTitle "WCM"]
[WhiteElo "1727"]
[BlackElo "1631"]
[WhiteFideId "25980548"]
[BlackFideId "25130889"]
[EventDate "2024.06.02"]

1. Nf3 Nf6 2. b3 d6 3. d4 g6 4. Bb2 Bg7 5. e3 b6 6. Be2 Bb7 7. O-O O-O 8. c4
Nbd7 9. Nc3 c5 10. Qc2 Rc8 11. Rfd1 a6 12. Rac1 Qc7 13. d5 e5 14. e4 h6 15. g3
Nh7 16. Bf1 Qd8 17. Bh3 Rc7 18. Qd3 Nb8 19. Na4 b5 20. Nc3 b4 21. Ne2 Re7 22.
Nh4 Qe8 23. Re1 Kh8 24. f4 exf4 25. Bxg7+ Kxg7 26. Nxf4 Nf6 27. Re2 Kg8 28. Rce1
Nbd7 29. Nf3 Ne5 30. Nxe5 Rxe5 31. Qf3 Nh7 32. Nd3 Ng5 33. Qg2 Re7 34. e5 Qd8
35. Qf1 Rfe8 36. Bg2 Bc8 37. exd6 Qxd6 38. h4 Nh7 39. Rxe7 Rxe7 40. Rxe7 Qxe7
41. Qf2 Bf5 42. Nxc5 Nf6 43. Bf3 Bg4 44. Nd3 Bf5 45. Qe2 Qa7+ 46. Kg2 Qb6 47. g4
Bxd3 48. Qxd3 Qd6 49. Qe3 Kh7 50. c5 Qd7 1-0

[Event "40th World Junior Girls"]
[Site "Gandhinagar IND"]
[Date "2024.06.04"]
[Round "3.49"]
[White "Zarkym, Ailin"]
[Black "Cumacenko, Saule"]
[Result "0-1"]
[WhiteElo "1721"]
[BlackElo "1595"]
[WhiteFideId "13753207"]
[BlackFideId "12835560"]
[EventDate "2024.06.02"]

1. e4 e5 2. Nf3 Nf6 3. Nxe5 Nxe4 4. Nf3 d5 5. d4 Bd6 6. Bd3 O-O 7. h3 Bf5 8. O-O
Re8 9. Nc3 c6 10. Bxe4 dxe4 11. Ne5 Bxe5 12. dxe5 Nd7 13. Qe2 Rxe5 14. Bf4 Re8
15. Rad1 Qe7 16. Rd4 Nf6 17. Bg5 Rad8 18. Rxd8 Qxd8 19. Rd1 Qe7 20. Rd4 Qe5 21.
Bxf6 Qxf6 22. Qe3 Qe5 23. f3 Qg3 24. Nxe4 Bxe4 25. Rxe4 Rxe4 26. Qxe4 g6 27.
Qe8+ Kg7 28. Qe4 Qd6 29. c3 b6 30. b3 f5 31. Qe2 Kf6 32. Qe3 c5 33. Qh6 Qd1+ 34.
Kh2 Qd6+ 35. Kg1 Qe7 36. Qh4+ Ke6 37. Qc4+ Kd6 38. Qa6 h6 39. Qc8 Qe1+ 40. Kh2
Qe5+ 41. Kg1 Qxc3 0-1

[Event "40th World Junior Girls"]
[Site "Gandhinagar IND"]
[Date "2024.06.05"]
[Round "4.1"]
[White "Divya, Deshmukh"]
[Black "Hryzlova, Sofiia"]
[Result "1/2-1/2"]
[WhiteTitle "IM"]
[BlackTitle "WIM"]
[WhiteElo "2456"]
[BlackElo "2246"]
[WhiteFideId "35006916"]
[BlackFideId "14174669"]
[EventDate "2024.06.02"]

1. e4 e6 2. d4 d5 3. Nc3 Nf6 4. e5 Nfd7 5. f4 c5 6. Nf3 Nc6 7. Be3 a6 8. a3 Qb6
9. dxc5 Bxc5 10. Na4 Qa5+ 11. b4 Qxa4 12. bxc5 O-O 13. c4 Qa5+ 14. Qd2 Qxd2+ 15.
Kxd2 Ne7 16. Kc3 Rd8 17. Rb1 Nf8 18. Rb6 Rd7 19. Bd3 Rc7 20. Rhb1 Nd7 21. Rd6
dxc4 22. Be4 f5 23. exf6 gxf6 24. c6 Nxc6 25. Bxc6 Rxc6 26. Rxc6 bxc6 27. Nd4
Rb8 28. Rxb8 Nxb8 29. Kxc4 e5 30. fxe5 1/2-1/2

[Event "40th World Junior Girls"]
[Site "Gandhinagar IND"]
[Date "2024.06.05"]
[Round "4.2"]
[White "Allahverdiyeva, Ayan"]
[Black "Mkrtchyan, Mariam"]
[Result "1/2-1/2"]
[WhiteTitle "WIM"]
[BlackTitle "WIM"]
[WhiteElo "2133"]
[BlackElo "2300"]
[WhiteFideId "13412590"]
[BlackFideId "13310828"]
[EventDate "2024.06.02"]

1. e4 e5 2. Nf3 Nc6 3. Bb5 a6 4. Ba4 Nf6 5. O-O Bc5 6. Nxe5 Nxe5 7. d4 b5 8. Bb3
Bxd4 9. Qxd4 d6 10. f4 c5 11. Qd1 Neg4 12. c3 Qb6 13. Bc2 h5 14. h3 Ra7 15. hxg4
Bxg4 16. Qd2 Re7 17. a4 O-O 18. axb5 axb5 19. Re1 Rfe8 20. Qf2 Nxe4 21. Rxe4
Rxe4 22. Bxe4 Rxe4 23. Be3 Ra4 24. Rxa4 bxa4 25. Qc2 Qa6 26. c4 Be6 27. Na3 Bd7
28. Qd3 Qb6 29. Nb5 d5 30. Qxd5 Bxb5 31. Bxc5 Qc6 32. Qxc6 Bxc6 33. Kf2 f6 34.
g3 Kf7 35. Ke3 Ke6 36. Bf8 g5 37. fxg5 fxg5 38. Kd4 h4 39. gxh4 gxh4 40. Kc5 Kd7
41. Bd6 h3 42. Bh2 Bf3 1/2-1/2

[Event "40th World Junior Girls"]
[Site "Gandhinagar IND"]
[Date "2024.06.05"]
[Round "4.3"]
[White "Abdinova, Narmin"]
[Black "Kurmangaliyeva, Liya"]
[Result "1-0"]
[BlackTitle "FM"]
[WhiteElo "2121"]
[BlackElo "2282"]
[WhiteFideId "13425340"]
[BlackFideId "13725831"]
[EventDate "2024.06.02"]

1. c4 e6 2. e4 c5 3. Nc3 Nc6 4. Nf3 Nd4 5. Ne2 Nxf3+ 6. gxf3 Ne7 7. Nc3 Nc6 8.
d3 g6 9. h4 Bg7 10. h5 Nd4 11. Bg2 d6 12. Be3 Qa5 13. f4 Bd7 14. Kf1 Bc6 15. Rb1
a6 16. a3 b5 17. b4 Qc7 18. bxc5 dxc5 19. e5 Bxg2+ 20. Kxg2 Qc6+ 21. Kh3 O-O 22.
Bxd4 cxd4 23. Ne4 bxc4 24. Rb4 cxd3 25. Qxd3 f5 26. exf6 Bxf6 27. hxg6 hxg6 28.
Rg1 Bg7 29. Rxg6 Ra7 30. Rxd4 Raf7 31. Ng3 Kh8 32. f5 Rxf5 33. Rh4+ Kg8 34. Nxf5
Qh1+ 35. Kg4 exf5+ 36. Kh5 Qb7 37. Qc4+ Rf7 38. Rh3 f4 39. Qc6 Qb1 40. Qa8+ Rf8
41. Qd5+ Rf7 42. Rb3 1-0

[Event "40th World Junior Girls"]
[Site "Gandhinagar IND"]
[Date "2024.06.05"]
[Round "4.4"]
[White "Balabayeva, Xeniya"]
[Black "Rindhiya, V"]
[Result "1/2-1/2"]
[WhiteTitle "WIM"]
[BlackTitle "WFM"]
[WhiteElo "2246"]
[BlackElo "1965"]
[WhiteFideId "13719688"]
[BlackFideId "25040529"]
[EventDate "2024.06.02"]

1. e4 e5 2. Nf3 Nc6 3. Bc4 Bc5 4. c3 Nf6 5. d3 d6 6. O-O a6 7. Bb3 Ba7 8. Nbd2
O-O 9. h3 h6 10. Re1 Nh5 11. Nf1 Qf6 12. Be3 Bxe3 13. Nxe3 Nf4 14. d4 Ne7 15.
Bc2 Re8 16. Kh2 g6 17. a4 h5 18. Ng1 Ne6 19. dxe5 dxe5 20. Qf3 Qg7 21. Rad1 Nf8
22. Qg3 Be6 23. f4 exf4 24. Qxf4 Rac8 25. Nf3 Bd7 26. Bb3 Be6 27. Nd5 Nh7 28.
Nxe7+ Rxe7 29. Bxe6 Rxe6 30. e5 Rce8 31. g4 hxg4 32. hxg4 f6 33. exf6 Qxf6 34.
Qxf6 Nxf6 35. Rxe6 Rxe6 36. Kg3 Re2 37. Rd8+ Kg7 38. g5 Nh5+ 39. Kh3 Re7 40. Kg2
Nf4+ 41. Kg3 Ne6 42. Rd5 c6 43. Re5 Kf7 44. Kg4 Rd7 45. Re2 Rd5 46. Ne5+ Kg7 47.
Nf3 Kf7 48. Ne5+ 1/2-1/2

[Event "40th World Junior Girls"]
[Site "Gandhinagar IND"]
[Date "2024.06.05"]
[Round "4.5"]
[White "Krasteva, Beloslava"]
[Black "Gunawardhana, Devindya Oshini"]
[Result "1-0"]
[WhiteTitle "FM"]
[BlackTitle "WFM"]
[WhiteElo "2289"]
[BlackElo "1980"]
[WhiteFideId "2922029"]
[BlackFideId "29941482"]
[EventDate "2024.06.02"]

1. d4 d5 2. c4 e6 3. Nc3 Nf6 4. cxd5 exd5 5. Bg5 c6 6. e3 Bd6 7. Bd3 O-O 8. Nge2
Re8 9. Qc2 h6 10. Bh4 a5 11. h3 Na6 12. a3 Nc7 13. O-O Ne6 14. Rad1 Be7 15. f3
b5 16. Kh1 b4 17. Na4 Nh5 18. Bf2 Ng5 19. f4 Nxh3 20. gxh3 Bxh3 21. Rfe1 Bh4 22.
Ng1 Bg4 23. Rc1 Rb8 24. Nc5 bxa3 25. bxa3 Qf6 26. Bxh4 Qxh4+ 27. Qh2 Qd8 28. Qf2
Qf6 29. Rb1 g6 30. Rxb8 Rxb8 31. Bf1 Rb2 32. Be2 Ra2 33. a4 Qe7 34. Kg2 Nf6 35.
Kf1 h5 36. Qg3 Ra3 37. Bd3 Qd8 38. Qf2 Nd7 39. Qb2 Rxd3 40. Nxd3 Bf5 41. Nf2 Qh4
42. Qe2 Nb6 43. Nf3 Qg3 44. Ne5 f6 45. Nxc6 Kf7 46. e4 dxe4 47. Qe3 Qh2 48. Qb3+
Be6 49. Nd8+ Kg7 50. Nxe6+ Kh6 51. Qxb6 h4 52. Qd8 Qg3 53. Qh8# 1-0

[Event "40th World Junior Girls"]
[Site "Gandhinagar IND"]
[Date "2024.06.05"]
[Round "4.6"]
[White "Bhagyashree, Patil"]
[Black "Norman, Kseniya"]
[Result "0-1"]
[WhiteTitle "WFM"]
[WhiteElo "1929"]
[BlackElo "2134"]
[WhiteFideId "25053256"]
[BlackFideId "13518780"]
[EventDate "2024.06.02"]

1. d4 Nf6 2. Nf3 g6 3. g3 Bg7 4. Bg2 O-O 5. O-O d6 6. b3 Nbd7 7. Bb2 e5 8. dxe5
Ng4 9. Qd2 Re8 10. Re1 Nc5 11. e4 Nxe5 12. Nxe5 dxe5 13. Qe3 Ne6 14. c3 b6 15.
Na3 Ba6 16. Nc2 c5 17. Red1 Qe7 18. Qe1 Rad8 19. Ne3 Bb7 20. Nd5 Bxd5 21. exd5
Nc7 22. c4 f5 23. f3 Qd6 24. Rac1 Re7 25. Rc2 Ne6 26. Bf1 Nd4 27. Bxd4 cxd4 28.
Bd3 Bh6 29. b4 Kh8 30. Re2 Be3+ 31. Kg2 e4 32. Bc2 b5 33. fxe4 bxc4 34. Rxe3
dxe3 35. Qxe3 fxe4 36. Bxe4 Qe5 37. Rd4 Rf7 38. Qc3 Rc7 39. a3 Kg8 40. Bf3 Rd6
41. Be4 Rf6 42. Bf3 Rxf3 43. Kxf3 Rf7+ 44. Kg2 Qe2+ 45. Kh3 Qf1+ 46. Kh4 Qf5 47.
g4 g5+ 48. Kh3 Qf1+ 49. Kg3 Qf2+ 0-1

[Event "40th World Junior Girls"]
[Site "Gandhinagar IND"]
[Date "2024.06.05"]
[Round "4.7"]
[White "Gasparyan, Milena"]
[Black "Sachi Jain"]
[Result "1/2-1/2"]
[BlackTitle "WFM"]
[WhiteElo "1909"]
[BlackElo "2124"]
[WhiteFideId "13311670"]
[BlackFideId "25974050"]
[EventDate "2024.06.02"]

1. e4 e5 2. Nf3 Nc6 3. Bb5 a6 4. Ba4 Nf6 5. d3 b5 6. Bb3 Be7 7. O-O d6 8. a3 Bg4
9. Be3 O-O 10. Nc3 Rb8 11. Nd5 Nxd5 12. Bxd5 Qd7 13. h3 Bxf3 14. Qxf3 Bf6 15. c3
Ne7 16. Ba2 Rbd8 17. d4 Ng6 18. Rad1 Qe7 19. Rfe1 exd4 20. cxd4 c5 21. Bd5 cxd4
22. Bxd4 Be5 23. g3 Rc8 24. Qe3 Qf6 25. Kg2 Rc2 26. Bxe5 dxe5 27. Re2 1/2-1/2

[Event "40th World Junior Girls"]
[Site "Gandhinagar IND"]
[Date "2024.06.05"]
[Round "4.8"]
[White "Kashthuri, Bhai R"]
[Black "Kaldarova, Ayaulym"]
[Result "1-0"]
[BlackTitle "WFM"]
[WhiteElo "1765"]
[BlackElo "2100"]
[WhiteFideId "25611607"]
[BlackFideId "13720503"]
[EventDate "2024.06.02"]

1. e4 c5 2. Nf3 d6 3. d4 cxd4 4. Nxd4 Nf6 5. Nc3 a6 6. f3 e6 7. Be3 b5 8. a3 Bb7
9. Qd2 Nbd7 10. g4 h6 11. h4 Nb6 12. O-O-O Rc8 13. Be2 Nfd7 14. g5 Ne5 15. g6
Nxg6 16. f4 Ne7 17. f5 exf5 18. Rhf1 Rxc3 19. Qxc3 Bxe4 20. Nxb5 Nbd5 21. Qb3
Qb8 22. Ba7 Qd8 23. Qa4 Nc6 24. Qxa6 Nxa7 25. Nxa7 Nc7 26. Qa4+ Qd7 27. Nb5 Kd8
28. Qa5 Be7 29. Bc4 Qc6 30. Rd4 Kd7 31. Rfd1 Ra8 32. Qxc7+ Qxc7 33. Nxc7 Kxc7
34. Bxf7 Ra6 35. h5 Rc6 36. Rc4 d5 37. Rxc6+ Kxc6 38. b4 f4 39. c4 d4 40. Rxd4
f3 41. Bd5+ 1-0

[Event "40th World Junior Girls"]
[Site "Gandhinagar IND"]
[Date "2024.06.05"]
[Round "4.9"]
[White "Wikar, Martyna"]
[Black "Yashvi Jain"]
[Result "1-0"]
[WhiteTitle "WIM"]
[WhiteElo "2272"]
[BlackElo "1729"]
[WhiteFideId "21807663"]
[BlackFideId "25984446"]
[EventDate "2024.06.02"]

1. e4 e5 2. Nf3 Nc6 3. Bc4 Bc5 4. d3 Nf6 5. Nc3 d6 6. Na4 Bg4 7. Nxc5 dxc5 8. h3
Bh5 9. Bb5 Qd6 10. g4 Bg6 11. Bxc6+ Qxc6 12. Nxe5 Qe6 13. Nxg6 hxg6 14. Qf3
O-O-O 15. Bg5 c4 16. O-O Rde8 17. Bxf6 gxf6 18. Kg2 Reg8 19. Qe3 Kb8 20. Rad1
Qc6 21. Qf3 Qe6 22. Rfe1 Rh4 23. dxc4 Rgh8 24. Re3 b6 25. Qf4 f5 26. exf5 Qc6+
27. Qf3 Qxc4 28. Red3 Rc8 29. Rd8 Rh8 30. Rxc8+ Rxc8 31. fxg6 fxg6 32. Qd3 Qxa2
33. b3 g5 34. Qf5 a5 35. Rd2 a4 36. bxa4 Qxa4 37. Qxg5 Qe4+ 38. f3 Qc4 39. h4
Ka7 40. Qd5 Qa6 41. c3 c6 42. Qf7+ Kb8 43. h5 Rc7 44. Qg8+ Kb7 45. Ra2 1-0

[Event "40th World Junior Girls"]
[Site "Gandhinagar IND"]
[Date "2024.06.05"]
[Round "4.10"]
[White "Khairmode Dhanashree"]
[Black "Rakshitta, Ravi"]
[Result "0-1"]
[BlackTitle "WGM"]
[WhiteElo "1929"]
[BlackElo "2271"]
[WhiteFideId "25762184"]
[BlackFideId "25073230"]
[EventDate "2024.06.02"]

1. e4 e5 2. Nc3 Nf6 3. g3 Bc5 4. Bg2 O-O 5. Nge2 c6 6. O-O d5 7. exd5 cxd5 8. d4
exd4 9. Nxd4 Bg4 10. Qd3 Bxd4 11. Qxd4 Nc6 12. Qf4 d4 13. Ne4 Nxe4 14. Qxg4 f5
15. Qe2 Re8 16. Qb5 Qf6 17. a4 a5 18. Rd1 Nb4 19. Bf4 Rac8 20. Rac1 b6 21. h4
Kf8 22. c3 Rc5 23. Qd7 Rd8 24. Qb7 Nd5 25. Bg5 Nxg5 26. hxg5 Qxg5 27. c4 Rc7 28.
Qa6 Nb4 29. Qxb6 Qe7 30. c5 d3 31. c6 d2 32. Rb1 Qe5 33. f4 Qd4+ 34. Qxd4 Rxd4
35. Kf2 Nxc6 36. Ra1 Nb4 37. Ra3 Rc2 38. Ke3 Rd8 39. Rc3 Rxb2 40. Rc5 Re8+ 41.
Re5 Rb3+ 42. Ke2 Rxe5+ 43. fxe5 Rxg3 44. Bf3 Rh3 45. Bg2 Rd3 46. Bc6 Ke7 47. Bb5
Rd5 48. Bc4 Rd4 49. Bb3 Re4+ 50. Kf3 Nc6 51. Bg8 Nxe5+ 52. Kf2 Ng4+ 53. Kf3 Re3+
54. Kf4 Kf6 0-1

[Event "40th World Junior Girls"]
[Site "Gandhinagar IND"]
[Date "2024.06.05"]
[Round "4.11"]
[White "Dakshita Kumawat"]
[Black "Grozdanovic, Anastasia"]
[Result "0-1"]
[BlackTitle "WFM"]
[WhiteElo "1928"]
[BlackElo "2108"]
[WhiteFideId "25944304"]
[BlackFideId "979996"]
[EventDate "2024.06.02"]

1. d4 Nf6 2. Bf4 d5 3. e3 c5 4. Nf3 Nc6 5. Nbd2 cxd4 6. exd4 Qb6 7. Nb3 Bg4 8.
Be2 e6 9. O-O Be7 10. h3 Bh5 11. c3 O-O 12. Re1 a6 13. Ne5 Bxe2 14. Qxe2 Nxe5
15. dxe5 Nd7 16. Be3 Qb5 17. Bd4 Qxe2 18. Rxe2 b5 19. a4 Rfc8 20. axb5 axb5 21.
Ree1 g5 22. g3 Kg7 23. f3 Kg6 24. Kg2 Rxa1 25. Rxa1 Nc5 26. Bxc5 Bxc5 27. Ra5
Kf5 28. Rxb5 Be3 29. Kf1 Kxe5 30. Ke2 Ba7 31. Rb7 Rb8 32. Rxa7 Rxb3 33. Rxf7
Rxb2+ 34. Ke3 Rc2 35. f4+ Kd6 36. fxg5 Rxc3+ 37. Kf2 Rc7 38. Rf8 Ke5 39. h4 Kd4
40. Rf6 e5 41. h5 Kd3 42. Rf3+ Ke4 43. Rf6 d4 44. g6 hxg6 45. hxg6 d3 46. Rd6
Rc2+ 47. Kf1 Ke3 48. g7 Rc1+ 49. Kg2 Rc8 50. Rf6 Rg8 51. Rf3+ Kd2 52. Rf2+ Kc1
53. Rf8 Rxg7 54. Kf3 d2 55. Rc8+ Kd1 56. Rh8 Rc7 57. Rh1+ Kc2 58. Ke2 Rd7 59.
Rd1 e4 60. g4 e3 61. g5 Rg7 62. Ra1 Rxg5 63. Ra2+ Kb1 0-1

[Event "40th World Junior Girls"]
[Site "Gandhinagar IND"]
[Date "2024.06.05"]
[Round "4.12"]
[White "Mrittika Mallick"]
[Black "Ishvi, Aggarwal"]
[Result "1-0"]
[BlackTitle "WCM"]
[WhiteElo "2076"]
[BlackElo "1928"]
[WhiteFideId "25902997"]
[BlackFideId "25728890"]
[EventDate "2024.06.02"]

1. e4 e5 2. Nf3 Nc6 3. Bc4 Bc5 4. d3 Nf6 5. O-O d6 6. c3 h6 7. Nbd2 a6 8. a4 O-O
9. h3 Be6 10. Re1 Ba7 11. b4 Ne7 12. Ba2 Ng6 13. Nc4 b5 14. Ne3 Nh5 15. d4 Nhf4
16. Nd5 c6 17. Nxf4 exf4 18. Qd3 Qd7 19. Bd2 Bb6 20. Nh2 a5 21. axb5 cxb5 22. d5
Qa7 23. dxe6 Bxf2+ 24. Kh1 Bxe1 25. exf7+ Kh8 26. Rxe1 axb4 27. Bd5 Rab8 28.
cxb4 Ne5 29. Qe2 Nxf7 30. Bxf4 Ne5 31. Be3 Qa3 32. Ng4 Qxb4 33. Nxe5 dxe5 34.
Ra1 Rf6 35. Qg4 Qf8 36. Ra7 b4 37. Kh2 Rf1 38. Bc5 Qf6 39. Rf7 Qxf7 40. Bxf7
Rxf7 41. Qg3 Rfb7 42. Qb3 Rd8 43. Be3 Rb5 44. Bc1 Rd4 45. Bb2 Rd8 46. Qg3 Re8
47. Qg6 Re7 48. Qd6 Re8 49. Qg6 Re7 50. Qc6 Rb8 51. Qd6 1-0

[Event "40th World Junior Girls"]
[Site "Gandhinagar IND"]
[Date "2024.06.05"]
[Round "4.13"]
[White "Singgih, Diajeng Theresa"]
[Black "Tejaswini G"]
[Result "0-1"]
[WhiteTitle "WIM"]
[BlackTitle "WIM"]
[WhiteElo "1918"]
[BlackElo "2059"]
[WhiteFideId "7104391"]
[BlackFideId "25749978"]
[EventDate "2024.06.02"]

1. e4 c6 2. d4 d5 3. e5 Bf5 4. Bd3 Bxd3 5. Qxd3 e6 6. Ne2 Nd7 7. O-O c5 8. c3
Ne7 9. f4 h5 10. dxc5 Nxc5 11. Qb5+ Nc6 12. Nd4 a6 13. Nxc6 axb5 14. Nxd8 Nb3
15. Nxb7 Nxa1 16. Na3 Bxa3 17. bxa3 Nc2 18. Nd6+ Ke7 19. f5 f6 20. fxe6 fxe5 21.
Nxb5 Rac8 22. Rf2 Ne1 23. Rd2 e4 24. Rxd5 Nd3 25. Be3 Kxe6 26. Rd6+ Kf5 27. Rd5+
Kg6 28. Rg5+ Kf6 29. Nd6 Rb8 30. Nxe4+ Ke7 31. h4 Rb1+ 32. Kh2 Re1 33. Ng3 g6
34. Bd4 Rf8 35. Bb6 Rf4 36. Kh3 Rc4 37. Ra5 Nf4+ 38. Kh2 Ne6 39. Kh3 Rxc3 40.
Ra7+ Ke8 41. Kh2 Rc4 42. Kh3 Nf4+ 43. Kh2 Rc2 44. Ra8+ Kf7 45. Ne2 Rcxe2 46.
Ra7+ Ke6 47. Kg3 Rf1 48. Bf2 Rexf2 0-1

[Event "40th World Junior Girls"]
[Site "Gandhinagar IND"]
[Date "2024.06.05"]
[Round "4.14"]
[White "Mrudul, Dehankar"]
[Black "Arshiya Das"]
[Result "1/2-1/2"]
[WhiteTitle "WIM"]
[BlackTitle "WCM"]
[WhiteElo "2028"]
[BlackElo "1919"]
[WhiteFideId "25096990"]
[BlackFideId "25652150"]
[EventDate "2024.06.02"]

1. e4 c5 2. Nf3 d6 3. d4 cxd4 4. Nxd4 Nf6 5. Nc3 a6 6. Bg5 Nbd7 7. Bc4 Qb6 8.
Bb3 g6 9. Qd2 Bg7 10. O-O-O Qc7 11. f4 b5 12. Bxf6 Nxf6 13. e5 dxe5 14. fxe5 Ng4
15. Nd5 Qc5 16. Kb1 Nxe5 17. Nf3 O-O 18. Qg5 e6 19. Nxe5 exd5 20. Nd3 Qc7 21.
Bxd5 Bb7 22. Bxb7 Qxb7 23. h4 h6 24. Qg4 Rac8 25. h5 g5 26. Rhf1 Rc4 27. Qe2 Qc8
28. Rd2 Re8 29. Qf2 Qc7 30. Qf5 Rce4 31. a3 R8e7 32. Qd5 Re8 33. Rfd1 Rd4 34.
Qf3 Rde4 35. Qf5 Rd4 36. Rf1 Rde4 37. Qf3 a5 38. Rdf2 R8e7 39. Qf5 b4 40. axb4
axb4 41. Qd5 Rd4 42. Qa8+ Rd8 43. Qa4 Rb8 44. Qb3 Qa7 45. Nxb4 Rxb4 46. Qxb4 Rb7
47. Qc4 Rxb2+ 48. Kc1 Rb7 49. Rf3 Rc7 50. Qb3 Rb7 51. Qc4 Rc7 52. Qb3 Rb7 53.
Qc4 Rc7 1/2-1/2

[Event "40th World Junior Girls"]
[Site "Gandhinagar IND"]
[Date "2024.06.05"]
[Round "4.15"]
[White "Striskova, Lucia"]
[Black "Saparya Ghosh"]
[Result "1-0"]
[WhiteElo "2023"]
[BlackElo "1833"]
[WhiteFideId "14960958"]
[BlackFideId "25771280"]
[EventDate "2024.06.02"]

1. e4 c5 2. Nf3 Nc6 3. Bb5 g6 4. O-O Bg7 5. Re1 e5 6. b4 cxb4 7. a3 Nge7 8. axb4
O-O 9. Bxc6 bxc6 10. d3 d5 11. Ra5 Bg4 12. Nbd2 Qb6 13. Ba3 f5 14. Qb1 fxe4 15.
dxe4 Bh6 16. Rc5 Rad8 17. Qb3 Kh8 18. Bb2 Bg7 19. Nxe5 Be6 20. Ndf3 Bg8 21. Qc3
d4 22. Nxd4 Rf6 23. Ng4 h5 24. Nxf6 Bxf6 25. Qe3 Qxb4 26. Rxh5+ gxh5 27. Qh6+
Bh7 28. Qxf6+ Kg8 29. Nf3 Qxb2 30. Qxb2 Rd6 31. Qb8+ 1-0